| 000 | 01047cam a2200301 a 4500 | ||
|---|---|---|---|
| 001 | 14656284 | ||
| 005 | 20180309051704.0 | ||
| 008 | 061205s2007 nyua b 001 0 eng | ||
| 010 | _a 2006939782 | ||
| 020 | _a9780387448978 (pt. A : acidfree paper) | ||
| 020 | _a9780387683461 (pt. A : soft cover : acidfree paper) | ||
| 020 | _z9780387448993 (pt. A : ebook) | ||
| 020 | _a9780387683508 (pt. B : acidfree paper) | ||
| 020 | _a9780387683546 (pt. B : soft cover : acidfree paper) | ||
| 020 | _a9780387448992 (pt. B : ebook) | ||
| 040 |
_aDLC _cDLC |
||
| 041 | _aeng | ||
| 080 | _a574 | ||
| 082 | _2574 CAR | ||
| 100 | 1 | _a12 | |
| 101 | _aKIM | ||
| 245 | 1 | 0 |
_aAdvanced organic chemistry / _cFrank A. Carey and Richard J. Sundberg. |
| 504 | _aIncludes bibliographical references and index. | ||
| 906 |
_a7 _bcbc _corigcop _d2 _eepcn _f20 _gy-gencatlg |
||
| 942 |
_2ddc _cBK |
||
| 999 |
_c44561 _d44561 |
||